<?xml version="1.0" encoding="UTF-8"?>
<record
    xmlns:xsi="http://www.w3.org/2001/XMLSchema-instance"
    xsi:schemaLocation="http://www.loc.gov/MARC21/slim http://www.loc.gov/standards/marcxml/schema/MARC21slim.xsd"
    xmlns="http://www.loc.gov/MARC21/slim">

  <leader>00804cam a22002291a 4500</leader>
  <controlfield tag="001">ne 67000115 </controlfield>
  <controlfield tag="003">DLC</controlfield>
  <controlfield tag="005">20260227111828.0</controlfield>
  <controlfield tag="008">850325s1959    ir h          001 0bpero </controlfield>
  <datafield tag="010" ind1=" " ind2=" ">
    <subfield code="a">ne 67000115 </subfield>
  </datafield>
  <datafield tag="035" ind1=" " ind2=" ">
    <subfield code="a">(OCoLC)21686672</subfield>
  </datafield>
  <datafield tag="040" ind1=" " ind2=" ">
    <subfield code="a">DLC</subfield>
    <subfield code="c">CU</subfield>
    <subfield code="d">DLC</subfield>
  </datafield>
  <datafield tag="042" ind1=" " ind2=" ">
    <subfield code="a">premarc</subfield>
  </datafield>
  <datafield tag="050" ind1="0" ind2="0">
    <subfield code="a">PK6451.F4</subfield>
    <subfield code="b">M8</subfield>
  </datafield>
  <datafield tag="100" ind1="1" ind2=" ">
    <subfield code="a">&#x2BB;A&#x1E6D;&#x1E6D;&#x101;r, Far&#x12B;d al-D&#x12B;n,</subfield>
    <subfield code="d">-approximately 1230.</subfield>
  </datafield>
  <datafield tag="245" ind1="1" ind2="0">
    <subfield code="a">Mu&#x1E63;&#x12B;bat&#x2B9;n&#x101;mah /</subfield>
    <subfield code="c">Far&#x12B;d al-D&#x12B;n &#x2BB;A&#x1E6D;&#x1E6D;&#x101;r N&#x12B;sh&#x101;b&#x16B;r&#x12B; ; Bi-ihtim&#x101;m va ta&#x1E63;&#x1E25;&#x12B;&#x1E25;-i N&#x16B;r&#x101;n&#x12B; Vi&#x1E63;&#x101;l.</subfield>
  </datafield>
  <datafield tag="260" ind1=" " ind2=" ">
    <subfield code="a">Tihr&#x101;n :</subfield>
    <subfield code="b">Kit&#x101;bfur&#x16B;sh&#x12B; Zavv&#x101;r,</subfield>
    <subfield code="c">1338 [1959]</subfield>
  </datafield>
  <datafield tag="300" ind1=" " ind2=" ">
    <subfield code="a">48, 480 p. :</subfield>
    <subfield code="b">facsims. ;</subfield>
    <subfield code="c">25 cm.</subfield>
  </datafield>
  <datafield tag="500" ind1=" " ind2=" ">
    <subfield code="a">Biographical sketches by the editor: p. [384]-448.</subfield>
  </datafield>
  <datafield tag="504" ind1=" " ind2=" ">
    <subfield code="a">Includes bibliographical references and index.</subfield>
  </datafield>
  <datafield tag="700" ind1="1" ind2=" ">
    <subfield code="a">Vi&#x1E63;&#x101;l, N&#x16B;r&#x101;n&#x12B;.</subfield>
  </datafield>
  <datafield tag="999" ind1=" " ind2=" ">
    <subfield code="c">49318</subfield>
    <subfield code="d">49318</subfield>
  </datafield>
</record>
